| 000 | 00793nam a22002057a 4500 | ||
|---|---|---|---|
| 999 |
_c13018 _d13018 |
||
| 003 | AR-CdUCM | ||
| 008 | 190411b ||||| |||| 00| 0 spa d | ||
| 040 |
_aMUNICIPALIDAD PROVINCIAL DEL CUSCO _cBIBLIOTECA MUNICIPAL DEL CUSCO |
||
| 082 |
_24ed. _a653.5 / _bE99 / 1927 |
||
| 100 |
_aEztala, Federico Martín _931180 |
||
| 245 |
_aTaquigrafía : _breglas y ejercicios graduados para el estudio de este arte / |
||
| 260 |
_aMadrid : _bImpr. de Jesús López, _c1927. |
||
| 300 |
_a202 páginas ; _c22 cm. |
||
| 505 | _aContenido: Signos literales -- Alfabeto taquigrafíco -- Enlaces -- Supresiones -- Signos poliliterales -- Preposiciones ... | ||
| 650 |
_aTaquigrafía _930640 |
||
| 650 |
_aSignos _931181 |
||
| 650 |
_aFonografía _931182 |
||
| 942 |
_2ddc _cLIBROS |
||
| 945 |
_aacv _d2019-04-11 |
||